Library Banner

Message of Islam/ (Record no. 96223)

MARC details
000 -LEADER
fixed length control field 00363nam a22001457a 4500
005 - DATE AND TIME OF LATEST TRANSACTION
control field 20170802105846.0
008 - FIXED-LENGTH DATA ELEMENTS--GENERAL INFORMATION
fixed length control field 170802b xxu||||| |||| 00| 0 eng d
040 ## - CATALOGING SOURCE
Transcribing agency PK-LaUMT
082 ## - DEWEY DECIMAL CLASSIFICATION NUMBER
Classification number ZIAC 297
Item number MAQ-M
100 ## - MAIN ENTRY--PERSONAL NAME
Personal name Maqsood Jafri
245 ## - TITLE STATEMENT
Title Message of Islam/
Statement of responsibility, etc Maqsood Jafri
260 ## - PUBLICATION, DISTRIBUTION, ETC. (IMPRINT)
Place of publication, distribution, etc Rawalpindi:
Name of publisher, distributor, etc Sigma press,
Date of publication, distribution, etc 1996
300 ## - PHYSICAL DESCRIPTION
Extent 107 p.
942 ## - ADDED ENTRY ELEMENTS (KOHA)
Koha item type Books
Holdings
Withdrawn status Lost status Damaged status Home library Current library Date acquired Full call number Barcode Date last seen Price effective from Koha item type
      UMT Main Campus UMT Main Campus 2017-08-02 ZIAC 297 MAQ-M 111795 2017-08-02 2017-08-02 Books